00414nam a22001457a 4500008004100000040005500041080001800096245002900114260003900143300001600182500001600198650001700214653001300231700002400244230515b |||||||| |||| 00| 0 eng d aNational Science LibrarycNational Science Library a551.46/48(05) aAdvances in hydroscience aNew York: bAcademic Press, c1966 axiii, 423p. aVol. 3 1966 aHydroscience aScience  aChow, Ven Te (Ed.)